Statistics for Most Popular Colors

Click here to take the quiz!

General Stats

  • This quiz has been taken 18 times
  • The average score is 12 of 20

Answer Stats

RankColor% Correct
1Blue
100%
2Green
100%
6Orange
100%
3Red
100%
5Black
92%
4Purple
92%
7Yellow
92%
10Pink
85%
9White
69%
16Dark Blue
62%
8Gold
46%
12Silver
46%
14Lime Green
31%
20Teal
31%
11Turquoise
31%
19Emerald Green
23%
13Sapphire Blue
23%
17Sky Blue
23%
15Aquamarine
8%
18Blood Red
8%

Score Distribution

Percentile by Number Answered

Percent of People with Each Score

Your Score History

You have not taken this quiz